People in History A-Z (My Version) - Statistics

General Stats
  • This quiz has been taken 77 times
  • The average score is 18 of 26
Answer Stats
Hint Answer % Correct
I "The Terrible" Ivan The Terrible
95%
A "The Great" Alexander The Great
94%
B WWII Italian Dictator Benito Mussolini
94%
E "King of Rock and Roll" Elvis Presley
94%
J Betrayed the biggest religion's Messiah for 30 pieces of silver Judas Iscariot
88%
D 34th US President and WWII Supreme Commander Dwight D. Eisenhower
86%
H invaded Italy by crossing the Alps with North African war elephants. Hannibal
86%
W One of the two brothers who flew in 1903 Wright, Orville
86%
F Spanish military general who led the Nationalist forces Francisco Franco
85%
M Allegedly said "Let them eat cake" Marie Antoinette
85%
V "Painted The Starry Night" Vincent van Gogh
85%
O His action's caused the US to start the war on terror Osama Bin Laden
83%
U Fastest man ever Usain Bolt
82%
Y Went to space in 1961 Yuri Gagarin
82%
N Born on the 10 July 1856, Serbian engineer Nikola Tesla
76%
T Author of the US Declaration of Intependent Thomas Jefferson
74%
K Korean that split Korea in two Kim Il Sung
71%
C Roman Emperor who converted to Christianity Constantine The Great
59%
G Created the calendar used in most parts of the world Gregory XIII
59%
S the founder of Western philosophy Socrates
55%
Z led American forces in the Mexican-American War, then became the 12th President Zachary Taylor
53%
L Lenin's second in command Leon Trotsky
52%
P Appointed Adolf Hitler as chancellor of Germany Paul von Hindenburg
32%
R Renaissance painter and architect, also the name of a ninja turtle Raffaello Sanzio da Urbino
17%
X invaded Greece in 480 BC Xerxes I
11%
Q sixth emperor of the Qing dynasty, one of the longest-reigning monarchs in history Qianlong
5%
No matching quizzes found
Score Distribution
Percent of People with Each Score
Percentile by Number Answered
Your Score History
You have not taken this quiz